Creating rural indicators : for shaping territorial policy
Αποθηκεύτηκε σε:
| Συγγραφή απο Οργανισμό/Αρχή: | |
|---|---|
| Μορφή: | Βιβλίο |
| Γλώσσα: | English |
| Δημοσίευση: |
Paris :
OECD,
1994
|
| Θέματα: | |
| Ετικέτες: |
Προσθήκη ετικέτας
Δεν υπάρχουν, Καταχωρήστε ετικέτα πρώτοι!
|
MARC
| LEADER | 00000nam a2200000 i 4500 | ||
|---|---|---|---|
| 001 | 1/3786 | ||
| 008 | 960424s1994 eng d | ||
| 020 | |a 92-64-14112-X | ||
| 035 | |l 10015343 | ||
| 040 | |a GR-MY-UA |b gre |e aacr | ||
| 041 | 0 | |a eng | |
| 082 | 0 | |a 307.1412 | |
| 110 | 2 | |a Organisation for Economic Co-operation and Development. | |
| 245 | 1 | 0 | |a Creating rural indicators : |b for shaping territorial policy / |c Organisation for Economic Co-operation and Development |
| 260 | |a Paris : |b OECD, |c 1994 | ||
| 300 | |a 93 p. |b tables | ||
| 650 | 0 | 0 | |a Rural development. |
| 650 | 0 | 0 | |a Rural development |x Databases. |
| 650 | 0 | 0 | |a Economic indicators. |
| 852 | |a INST |b LESVOS |e 19960424 |h 307.1412 CRE |p 005100010587 |q 005100010587 |t BK |y 0 | ||
| 909 | |a Λ |b 035211 | ||
| 922 | |a 1ΔΩΡ |b 199405 | ||